[Event "TUN-ch U16"]
[Site "Monastir"]
[Date "2021.03.16"]
[Round "4"]
[White "Zarrouk, Zaid"]
[Black "Cherif, Omar"]
[Result "1-0"]
[WhiteElo "1073"]
[BlackElo "1549"]
[PlyCount "78"]
[EventDate "2021.03.15"]
[EventType "swiss"]
[EventRounds "9"]
[EventCountry "TUN"]
[SourceTitle "EXT 2022"]
[Source "ChessBase"]
[SourceDate "2021.10.06"]
[SourceVersion "1"]
[SourceVersionDate "2021.10.06"]
[SourceQuality "1"]

1. e4 c5 2. Nf3 Nc6 3. Bb5 e6 4. Bxc6 bxc6 5. d3 d5 6. Nbd2 Bb7 7. e5 Ne7 8. 0-0 Nf5 9. c4 Be7 10. b3 h5 11. h3 h4 12. Nh2 Qd7 13. Ndf3 Rd8 14. Qc2 Qc7 15. Ng4 Nd4 16. Qd1 Nf5 17. Qc2 Qd7 18. Bb2 Ba6 19. Rfe1 Rb8 20. Rad1 Rd8 21. Bc3 Rb8 22. Qc1 Rc8 23. Qa3 Qb7 24. Qa5 Qb6 25. Qa3 Nd4 26. Qc1 Nxf3+ 27. gxf3 Bb7 28. Re2 Qd8 29. Bd2 a6 30. Be3 Rh5 31. f4 Rf5 32. Kh1 Rh5 33. Rg1 dxc4 34. dxc4 Qd3 35. Qc2 Rd8 36. Nh2 g6 37. Nf3 Qxc2 38. Rxc2 Rf5 39. Rg4 Rh5 1-0

[Event "Ariana Les Roses op"]
[Site "Ariana"]
[Date "2019.05.11"]
[Round "2"]
[White "Khemiri, Mohamed Dhia Eddine"]
[Black "Cherif, Omar"]
[Result "1-0"]
[WhiteElo "1588"]
[BlackElo "1516"]
[PlyCount "65"]
[EventDate "2019.05.10"]
[EventType "swiss"]
[EventRounds "9"]
[EventCountry "TUN"]
[SourceTitle "EXT 2020"]
[Source "ChessBase"]
[SourceDate "2019.10.17"]
[SourceVersion "1"]
[SourceVersionDate "2019.10.17"]
[SourceQuality "1"]

1. e4 c5 2. Nf3 Nc6 3. d4 cxd4 4. Nxd4 e6 5. Nc3 Bc5 6. Be3 Qb6 7. Na4 Qa5+ 8. c3 Nxd4 9. Nxc5 Qxc5 10. Bxd4 Qg5 11. Qf3 e5 12. Be3 Qf6 13. Qg3 h6 14. Bc4 Ne7 15. 0-0 g5 16. Rad1 b6 17. Rd3 Rf8 18. Rfd1 Qc6 19. Bd5 Nxd5 20. Rxd5 f6 21. Qh3 Rf7 22. Qxh6 Bb7 23. Qg6 Kf8 24. f3 Qc7 25. Rd6 Qd8 26. h4 Bc6 27. Rxc6 dxc6 28. Rxd8+ Rxd8 29. hxg5 fxg5 30. Bxg5 Rd1+ 31. Kh2 Rdd7 32. Bh6+ Ke8 33. Qe6+ 1-0

[Event "Ariana Ramadan op U2200"]
[Site "Ariana"]
[Date "2018.05.28"]
[Round "2"]
[White "Maalmi, Khalil"]
[Black "Cherif, Omar"]
[Result "1-0"]
[WhiteElo "1866"]
[BlackElo "1406"]
[PlyCount "51"]
[EventDate "2018.05.27"]
[EventType "swiss"]
[EventRounds "9"]
[EventCountry "TUN"]
[SourceTitle "EXT 2019"]
[Source "ChessBase"]
[SourceDate "2018.10.10"]
[SourceVersion "1"]
[SourceVersionDate "2018.10.10"]
[SourceQuality "1"]

1. e4 c5 2. Nf3 Nc6 3. d4 cxd4 4. Nxd4 a6 5. Bc4 e6 6. 0-0 Bc5 7. Nf3 Nge7 8. Nc3 b5 9. Bb3 Bb7 10. Bf4 Na5 11. Bd6 Nxb3 12. axb3 Qb6 13. Bxc5 Qxc5 14. Re1 Rc8 15. Rc1 d5 16. exd5 Nxd5 17. Ne4 Qb6 18. c4 f5 19. c5 Qc6 20. Ne5 Qc7 21. Nd6+ Ke7 22. Nxc8+ Rxc8 23. Qh5 Kf6 24. Qh4+ g5 25. Qh6+ Ke7 26. Qg7+ 1-0